Stati per emissioni di CO2 pro capite - Statistics

Statistiche generali
  • Questo quiz è stato fatto 8 volte
  • Il punteggio medio è 11 su 15
Statistiche sulle risposte
Emissioni di anidride carbonica pro capite (migliaia tonnellate/anno) Continente Nazione % Corretto
14,44 America del Nord Stati Uniti
100%
16,98 Asia Arabia Saudita
88%
15,12 Oceania Australia
88%
15,22 America del Nord Canada
88%
21,75 Asia Emirati Arabi Uniti
88%
24,90 Asia Kuwait
88%
35,52 Asia Qatar
88%
13,31 Asia / Europa Russia
88%
12.41 Asia / Europa Kazakistan
75%
17,09 Asia Oman
75%
59,00 Oceania Palau
63%
21,31 Asia Bahrein
50%
12,26 Asia Corea del Sud
50%
20,65 Asia Brunei
25%
21,17 America del Nord Trinidad e Tobago
25%
Nessun quiz corrispondente trovato
Distribuzione punteggi
Percentuale di utenti per punteggio
Percentile per numero di risposta
I tuoi punteggi nel tempo
Non hai fatto questo quiz